[Event "Asian Games tt (Women)"]
[Site "Hangzhou"]
[Date "2023.10.05"]
[Round "7.14"]
[White "Prommuang, Araya"]
[Black "Omonova, Umida"]
[Result "0-1"]
[WhiteElo "1577"]
[BlackElo "2147"]
[PlyCount "78"]
[EventDate "2023.09.29"]
[EventType "team-tourn"]
[EventRounds "9"]
[EventCountry "CHN"]
[SourceTitle "EXT 2024"]
[Source "ChessBase"]
[SourceDate "2023.10.10"]
[SourceVersion "1"]
[SourceVersionDate "2023.10.10"]
[SourceQuality "1"]
[WhiteTeam "Thailand (W)"]
[BlackTeam "Uzbekistan (W)"]
[WhiteTeamCountry "THA"]
[BlackTeamCountry "UZB"]

1. e4 c5 2. Nf3 e6 3. d4 cxd4 4. Nxd4 Nc6 5. Nc3 Nf6 6. a3 d6 7. Be3 Be7 8. f4 0-0 9. Be2 e5 10. Nxc6 bxc6 11. 0-0 exf4 12. Rxf4 Be6 13. Kh1 Nd7 14. Bg4 Bg5 15. Bxe6 Bxf4 16. Bxf4 fxe6 17. Qxd6 Qe8 18. Be3 Nf6 19. Bc5 Rf7 20. Qg3 Rd8 21. e5 Nh5 22. Qe3 Nf4 23. Ne4 Qd7 24. Nd6 Nd5 25. Qg1 Rf4 26. Bxa7 Ne7 27. Be3 Rff8 28. Bg5 h6 29. Bxe7 Qxe7 30. Qe3 Ra8 31. b4 Qh4 32. Qb3 Qd4 33. Qxe6+ Kh7 34. Rg1 Rxa3 35. Nf7 Qf2 36. Qxc6 Rxf7 37. h3 Re3 38. Qc5 Qg3 39. Qd5 Rf2 0-1

[Event "Asian Games tt (Women)"]
[Site "Hangzhou"]
[Date "2023.10.03"]
[Round "5.22"]
[White "Prommuang, Araya"]
[Black "Rouda Essa, Alserkal"]
[Result "1-0"]
[WhiteElo "1577"]
[BlackElo "1912"]
[PlyCount "81"]
[EventDate "2023.09.29"]
[EventType "team-tourn"]
[EventRounds "9"]
[EventCountry "CHN"]
[SourceTitle "EXT 2024"]
[Source "ChessBase"]
[SourceDate "2023.10.10"]
[SourceVersion "1"]
[SourceVersionDate "2023.10.10"]
[SourceQuality "1"]
[WhiteTeam "Thailand (W)"]
[BlackTeam "United Arab Emirates (W)"]
[WhiteTeamCountry "THA"]
[BlackTeamCountry "UAE"]

1. e4 c5 2. Nf3 Nc6 3. d4 cxd4 4. Nxd4 Nf6 5. Nc3 e5 6. Ndb5 d6 7. Bg5 a6 8. Na3 b5 9. Nd5 Be7 10. Bxf6 Bxf6 11. c4 b4 12. Nc2 a5 13. g3 Bg5 14. Bg2 0-0 15. 0-0 Bb7 16. Qd3 Ne7 17. Nde3 Qb6 18. Rfd1 Rad8 19. h4 Bxe3 20. Nxe3 Bc6 21. b3 Kh8 22. a3 Rd7 23. Bh3 Rdd8 24. axb4 axb4 25. Ra2 g6 26. Rda1 Bb7 27. Nc2 f5 28. exf5 Qc6 29. Kh2 Nxf5 30. Nxb4 Qc5 31. Nd5 Ne7 32. b4 Rxf2+ 33. Bg2 Rxg2+ 34. Rxg2 Qc6 35. b5 Qd7 36. Nf6 Qe6 37. Rf2 Bc8 38. Qf1 Nf5 39. Nd5 e4 40. Ra7 Kg8 41. Qa1 1-0

[Event "Asian Games (Women)"]
[Site "Hangzhou"]
[Date "2023.09.25"]
[Round "4"]
[White "Prommuang, Araya"]
[Black "Rouda Essa, Alserkal"]
[Result "1/2-1/2"]
[WhiteElo "1577"]
[BlackElo "1912"]
[PlyCount "78"]
[EventDate "2023.09.24"]
[EventType "swiss (rapid)"]
[EventRounds "9"]
[EventCountry "CHN"]
[SourceTitle "EXT 2024"]
[Source "ChessBase"]
[SourceDate "2023.10.10"]
[SourceVersion "1"]
[SourceVersionDate "2023.10.10"]
[SourceQuality "1"]

1. e4 c5 2. Nf3 Nc6 3. d4 cxd4 4. Nxd4 Nf6 5. Nc3 e5 6. Ndb5 d6 7. Nd5 Nxd5 8. exd5 Nb8 9. Be3 Be7 10. Be2 0-0 11. c4 a6 12. Nc3 Nd7 13. 0-0 f5 14. f3 f4 15. Bf2 Qe8 16. Ne4 Nf6 17. Rc1 Bf5 18. Bd3 Qh5 19. c5 Nxe4 20. Bxe4 Bxe4 21. fxe4 f3 22. cxd6 Qg6 23. Bg3 fxg2 24. Rxf8+ Bxf8 25. d7 Rd8 26. Rc8 Rxd7 27. Qf3 Rf7 28. Qxg2 Qb6+ 29. Kh1 Qd4 30. Rc1 h6 31. Qc2 Bd6 32. Rd1 Qe3 33. Re1 Qf3+ 34. Qg2 Qd3 35. Qe2 Qd4 36. Qc2 Rc7 37. Qe2 Qb4 38. a3 Qa4 39. Qg4 Re7 1/2-1/2

[Event "Asian Games (Women)"]
[Site "Hangzhou"]
[Date "2023.09.25"]
[Round "3"]
[White "Yakubbaeva, Nilufar"]
[Black "Prommuang, Araya"]
[Result "1-0"]
[WhiteElo "2322"]
[BlackElo "1577"]
[PlyCount "77"]
[EventDate "2023.09.24"]
[EventType "swiss (rapid)"]
[EventRounds "9"]
[EventCountry "CHN"]
[SourceTitle "EXT 2024"]
[Source "ChessBase"]
[SourceDate "2023.10.10"]
[SourceVersion "1"]
[SourceVersionDate "2023.10.10"]
[SourceQuality "1"]

1. Nf3 c5 2. c4 Nc6 3. Nc3 g6 4. e3 Bg7 5. d4 b6 6. Be2 e6 7. 0-0 Nge7 8. dxc5 bxc5 9. Ne4 0-0 10. Nxc5 d6 11. Nb3 Bb7 12. Nbd4 Nxd4 13. exd4 Rc8 14. Qd3 Qb6 15. Be3 Nf5 16. Rfd1 Nxe3 17. fxe3 e5 18. Qb3 Qc7 19. d5 Rb8 20. Qa3 e4 21. Nd4 a6 22. Rac1 Rfc8 23. b4 Qe7 24. Bf1 Be5 25. Ne2 Rc7 26. c5 Bc8 27. c6 Bg4 28. Rd2 Ra7 29. Nd4 Rba8 30. Qb3 Rb8 31. a4 f5 32. c7 Rxc7 33. Nc6 Qg7 34. Rdc2 Rbb7 35. Nxe5 dxe5 36. Rxc7 Rxc7 37. Rxc7 Qxc7 38. d6+ Qf7 39. Bc4 1-0

[Event "Asian Games (Women)"]
[Site "Hangzhou"]
[Date "2023.09.24"]
[Round "2"]
[White "Prommuang, Araya"]
[Black "Alawadhi, Amenah"]
[Result "1-0"]
[WhiteElo "1577"]
[BlackElo "1304"]
[PlyCount "103"]
[EventDate "2023.09.24"]
[EventType "swiss (rapid)"]
[EventRounds "9"]
[EventCountry "CHN"]
[SourceTitle "EXT 2024"]
[Source "ChessBase"]
[SourceDate "2023.10.10"]
[SourceVersion "1"]
[SourceVersionDate "2023.10.10"]
[SourceQuality "1"]

1. e4 c6 2. Nc3 d5 3. Nf3 dxe4 4. Nxe4 Nf6 5. Qe2 Nxe4 6. Qxe4 Be6 7. d4 Bd5 8. Qf4 Bxf3 9. Qxf3 Qxd4 10. Be3 Qxb2 11. Qd1 Qb4+ 12. Qd2 Qxd2+ 13. Bxd2 e6 14. Be2 Nd7 15. 0-0 Be7 16. Rab1 b6 17. f4 0-0 18. f5 exf5 19. Rxf5 g6 20. Rff1 Rfe8 21. Bc4 Bc5+ 22. Kh1 Ne5 23. Bb3 Re7 24. Rbe1 Rf8 25. Bh6 Rd8 26. Bg5 Rdd7 27. Bxe7 Rxe7 28. h3 Bb4 29. Re4 a5 30. Rf2 Kg7 31. Rfe2 Bd6 32. a4 Kf6 33. g4 g5 34. Kg2 Ng6 35. Rxe7 Bxe7 36. Rf2+ Nf4+ 37. Kf1 Bc5 38. Rf3 Ke7 39. h4 h6 40. hxg5 hxg5 41. c3 f6 42. Bc2 Kd6 43. Be4 b5 44. axb5 cxb5 45. Ke1 Ke5 46. Bb1 b4 47. Kd2 bxc3+ 48. Kxc3 Bb4+ 49. Kc4 Bd2 50. Bc2 Ne2 51. Rf5+ Ke6 52. Rf2 1-0

[Event "Olympiad Women-44"]
[Site "Chennai"]
[Date "2022.07.31"]
[Round "3.2"]
[White "Thorsteinsdottir, Hallgerdur"]
[Black "Prommuang, Araya"]
[Result "1-0"]
[WhiteElo "1934"]
[BlackElo "1651"]
[PlyCount "75"]
[EventDate "2022.07.29"]
[EventType "team-swiss"]
[EventRounds "11"]
[EventCountry "IND"]
[SourceTitle "CBM 210"]
[Source "ChessBase"]
[SourceDate "2022.10.31"]
[SourceVersion "1"]
[SourceVersionDate "2022.10.31"]
[SourceQuality "1"]
[WhiteTeam "Iceland (W)"]
[BlackTeam "Thailand (W)"]
[WhiteTeamCountry "ISL"]
[BlackTeamCountry "THA"]

1. e4 c5 2. Nf3 e6 3. g3 d5 4. exd5 exd5 5. d4 Nf6 6. Bg2 Be7 7. dxc5 Bxc5 8. 0-0 0-0 9. Nc3 Nc6 10. a3 a6 11. b4 Ba7 12. Bg5 Bg4 13. Bxf6 Qxf6 14. Nxd5 Qf5 15. Ne3 Bxe3 16. fxe3 Qe6 17. Qc1 h6 18. Nd4 Nxd4 19. exd4 Qd7 20. Qd2 Rac8 21. Rf4 Rfe8 22. Re4 Rxe4 23. Bxe4 f5 24. Bg2 Re8 25. c4 Rd8 26. d5 b6 27. c5 bxc5 28. bxc5 Bh5 29. d6 Qa7 30. Qf2 Qd7 31. Re1 Be8 32. Qd4 Bf7 33. c6 Qc8 34. Re7 Rf8 35. c7 Kh7 36. Bd5 Kg6 37. Bxf7+ Rxf7 38. Rxf7 1-0

[Event "Olympiad Women-44"]
[Site "Chennai"]
[Date "2022.07.29"]
[Round "1.2"]
[White "Prommuang, Araya"]
[Black "Hoang, Thi Bao Tram"]
[Result "1-0"]
[WhiteElo "1651"]
[BlackElo "2288"]
[PlyCount "69"]
[EventDate "2022.07.29"]
[EventType "team-swiss"]
[EventRounds "11"]
[EventCountry "IND"]
[SourceTitle "CBM 210"]
[Source "ChessBase"]
[SourceDate "2022.10.31"]
[SourceVersion "1"]
[SourceVersionDate "2022.10.31"]
[SourceQuality "1"]
[WhiteTeam "Thailand (W)"]
[BlackTeam "Vietnam (W)"]
[WhiteTeamCountry "THA"]
[BlackTeamCountry "VIE"]

1. e4 c6 2. Nc3 d5 3. Nf3 Bg4 4. d4 e6 5. Be2 Bb4 6. e5 Bxf3 7. Bxf3 c5 8. 0-0 Nc6 9. a3 Bxc3 10. bxc3 Nge7 11. Bb2 0-0 12. g3 Rc8 13. Bg2 Na5 14. f4 Nc4 15. Bc1 Qb6 16. Qd3 Rc7 17. g4 Rfc8 18. dxc5 Qxc5+ 19. Kh1 Ng6 20. Qg3 Rd7 21. h4 Nb6 22. f5 Nf8 23. Bd2 d4 24. cxd4 Qxd4 25. Bb4 exf5 26. gxf5 Rc4 27. e6 Rxb4 28. axb4 fxe6 29. fxe6 Nxe6 30. Rae1 Nf8 31. Rf4 Qd2 32. Qb3+ Nd5 33. Bxd5+ Rxd5 34. Ref1 Ne6 35. Rf5 1-0

[Event "SEA Blitz (Women) Team 31st"]
[Site "Ha Long"]
[Date "2022.05.21"]
[Round "4.2"]
[White "Mendoza, Shania Mae"]
[Black "Prommuang, Araya"]
[Result "1-0"]
[WhiteElo "2135"]
[BlackElo "1628"]
[PlyCount "59"]
[EventDate "2022.05.21"]
[EventType "team-tourn (blitz)"]
[EventRounds "5"]
[EventCountry "VIE"]
[SourceTitle "CBM 208 Extra"]
[Source "ChessBase"]
[SourceDate "2022.07.31"]
[SourceVersion "1"]
[SourceVersionDate "2022.07.31"]
[SourceQuality "1"]
[WhiteTeam "Philippines"]
[BlackTeam "Thailand"]
[WhiteTeamCountry "PHI"]
[BlackTeamCountry "THA"]

1. e4 c5 2. Nf3 e6 3. c3 d5 4. e5 Nc6 5. d4 Qb6 6. a3 c4 7. Nbd2 Na5 8. Be2 Bd7 9. 0-0 Ne7 10. Rb1 Nb3 11. Nxb3 Ba4 12. Bg5 Bxb3 13. Qd2 Nc6 14. Ne1 Be7 15. Bxe7 Nxe7 16. Bd1 0-0 17. f4 Nc6 18. Kh1 Na5 19. f5 exf5 20. Rxf5 Qg6 21. Qf2 Bxd1 22. Rxd1 Nc6 23. Nc2 Ne7 24. Rf3 Qc6 25. Ne3 g6 26. Rf6 Qe8 27. h3 Rc8 28. Rf1 Rd8 29. Qf3 Nf5 30. Ng4 1-0

[Event "SEA Games (Women) 31st"]
[Site "Ha Long"]
[Date "2022.05.15"]
[Round "9"]
[White "Vo, Thi Kim Phung"]
[Black "Prommuang, Araya"]
[Result "1-0"]
[WhiteElo "2340"]
[BlackElo "1628"]
[PlyCount "102"]
[EventDate "2022.05.10"]
[EventType "tourn"]
[EventRounds "9"]
[EventCountry "VIE"]
[SourceTitle "CBM 208 Extra"]
[Source "ChessBase"]
[SourceDate "2022.07.31"]
[SourceVersion "1"]
[SourceVersionDate "2022.07.31"]
[SourceQuality "1"]

1. d4 d5 2. c4 dxc4 3. e3 e5 4. Bxc4 exd4 5. exd4 Bd6 6. Nf3 Nf6 7. 0-0 0-0 8. Bg5 h6 9. Bh4 Nc6 10. Nc3 Bg4 11. d5 Ne5 12. Be2 Ng6 13. Bg3 Bxg3 14. hxg3 Qd6 15. Qb3 Ne7 16. Rfd1 a6 17. Rac1 Rfd8 18. Rd4 Bh5 19. Rcd1 Rab8 20. a4 Qc5 21. Rc4 Qa5 22. Qa3 Qb6 23. Qxe7 Qxb2 24. Qb4 Qxb4 25. Rxb4 Rd6 26. Rc4 Rc8 27. Ne4 Nxe4 28. Rxe4 Rcd8 29. Rb4 Rxd5 30. Rxd5 Rxd5 31. Rxb7 Ra5 32. Bd3 g6 33. Rb4 Bxf3 34. gxf3 Kg7 35. Rc4 Rd5 36. Be4 Ra5 37. Bc2 c5 38. Kf1 Kf6 39. Ke2 Ke6 40. Kd3 Kd5 41. Bb3 Kd6 42. Ke4 f6 43. g4 Kc6 44. f4 Kd6 45. f3 Kc6 46. g5 f5+ 47. Ke5 h5 48. Kf6 h4 49. Kxg6 h3 50. Rc2 Kb6 51. Kf6 Kc6 1-0

[Event "SEA Games (Women) 31st"]
[Site "Ha Long"]
[Date "2022.05.14"]
[Round "7"]
[White "Sukandar, Irine Kharisma"]
[Black "Prommuang, Araya"]
[Result "1-0"]
[WhiteElo "2392"]
[BlackElo "1628"]
[PlyCount "85"]
[EventDate "2022.05.10"]
[EventType "tourn"]
[EventRounds "9"]
[EventCountry "VIE"]
[SourceTitle "CBM 208 Extra"]
[Source "ChessBase"]
[SourceDate "2022.07.31"]
[SourceVersion "1"]
[SourceVersionDate "2022.07.31"]
[SourceQuality "1"]

1. e4 c5 2. Nf3 e6 3. g3 d5 4. exd5 exd5 5. Bg2 Bd6 6. 0-0 Ne7 7. d4 0-0 8. dxc5 Bxc5 9. Nc3 a6 10. a3 Nbc6 11. b4 Ba7 12. Bb2 h6 13. Qd2 Be6 14. Ne2 f6 15. Nf4 Bf7 16. Rfe1 Qd6 17. c4 b6 18. cxd5 Nxd5 19. Nxd5 Bxd5 20. Nh4 Rad8 21. Rad1 Bxg2 22. Qxd6 Rxd6 23. Rxd6 Bb8 24. Rde6 Bd5 25. Ng6 Bxe6 26. Rxe6 Rc8 27. Rxc6 Rxc6 28. Ne7+ Kf7 29. Nxc6 Bc7 30. Nd4 b5 31. Nb3 Ke6 32. Nc5+ Kd6 33. Nxa6 Bb6 34. Nc5 Bxc5 35. bxc5+ Kxc5 36. Bc3 Kc4 37. Bb4 g6 38. g4 Kd5 39. Kg2 Ke6 40. Kf3 f5 41. h4 h5 42. gxh5 gxh5 43. Kf4 1-0

[Event "SEA Games (Women) 31st"]
[Site "Ha Long"]
[Date "2022.05.13"]
[Round "5"]
[White "Fronda Pascua, Jan Jodilyn"]
[Black "Prommuang, Araya"]
[Result "1-0"]
[WhiteElo "2141"]
[BlackElo "1628"]
[PlyCount "67"]
[EventDate "2022.05.10"]
[EventType "tourn"]
[EventRounds "9"]
[EventCountry "VIE"]
[SourceTitle "CBM 208 Extra"]
[Source "ChessBase"]
[SourceDate "2022.07.31"]
[SourceVersion "1"]
[SourceVersionDate "2022.07.31"]
[SourceQuality "1"]

1. e4 c5 2. c3 e6 3. Nf3 d5 4. exd5 exd5 5. d4 Nc6 6. Bb5 Bd6 7. dxc5 Bxc5 8. 0-0 Nge7 9. Nbd2 0-0 10. Nb3 Bb6 11. h3 Qd6 12. Qe2 Nf5 13. Rd1 Bc7 14. Bxc6 bxc6 15. Nbd4 Nh4 16. Bg5 Ng6 17. Qd3 h6 18. Be3 a5 19. b4 Ne7 20. a3 f5 21. Nb3 Ba6 22. Qc2 g5 23. Bc5 Qf6 24. Re1 Rfe8 25. Nbd4 Bd6 26. Re6 Qf7 27. Bxd6 Bb7 28. Rae1 Ng6 29. Rxe8+ Rxe8 30. Rxe8+ Qxe8 31. Qxf5 Bc8 32. Qf6 axb4 33. axb4 Bd7 34. Ne5 1-0

[Event "Bangkok Thailand op"]
[Site "Bangkok"]
[Date "2021.12.20"]
[Round "7"]
[White "Prommuang, Araya"]
[Black "Kunanantakul, Kunawach"]
[Result "1-0"]
[WhiteElo "1542"]
[BlackElo "1386"]
[PlyCount "51"]
[EventDate "2021.12.15"]
[EventType "swiss"]
[EventRounds "9"]
[EventCountry "THA"]
[SourceTitle "CBM 206 Extra"]
[Source "ChessBase"]
[SourceDate "2022.03.31"]
[SourceVersion "1"]
[SourceVersionDate "2022.03.31"]
[SourceQuality "1"]

1. e4 c5 2. Nf3 d6 3. d4 cxd4 4. Nxd4 Nf6 5. Nc3 a6 6. Bg5 e6 7. f4 Be7 8. Qf3 Qc7 9. 0-0-0 Nbd7 10. g4 h6 11. Bxf6 Bxf6 12. h4 Nb6 13. g5 Bxd4 14. Rxd4 Qc5 15. Rd2 Bd7 16. Bh3 Na4 17. Nxa4 Bxa4 18. f5 Rc8 19. fxe6 0-0 20. exf7+ Rxf7 21. Be6 Bxc2 22. Bxf7+ Kh8 23. Qc3 Bxe4 24. Rf1 Bf3 25. Qxc5 Rxc5+ 26. Rc2 1-0

[Event "Bangkok Thailand op"]
[Site "Bangkok"]
[Date "2021.12.16"]
[Round "2"]
[White "Bootsumran, Sirin"]
[Black "Prommuang, Araya"]
[Result "0-1"]
[WhiteElo "1213"]
[BlackElo "1542"]
[PlyCount "112"]
[EventDate "2021.12.15"]
[EventType "swiss"]
[EventRounds "9"]
[EventCountry "THA"]
[SourceTitle "CBM 206 Extra"]
[Source "ChessBase"]
[SourceDate "2022.03.31"]
[SourceVersion "1"]
[SourceVersionDate "2022.03.31"]
[SourceQuality "1"]

1. e4 c5 2. Nf3 e6 3. d4 cxd4 4. Nxd4 a6 5. Nc3 Qc7 6. Be3 Nf6 7. a3 Nc6 8. Be2 Be7 9. f4 d6 10. 0-0 Bd7 11. Bf3 Nxd4 12. Bxd4 Bc6 13. e5 dxe5 14. Bxe5 Qb6+ 15. Kh1 Rd8 16. Bxc6+ Qxc6 17. Qe2 0-0 18. Rad1 b5 19. h3 Nd7 20. Bd4 Bf6 21. Ne4 Bxd4 22. Rxd4 Nc5 23. Rxd8 Rxd8 24. Nc3 Rd4 25. Qe5 Qd6 26. Qxd6 Rxd6 27. b4 Nb7 28. Rd1 Rxd1+ 29. Nxd1 f6 30. Ne3 Nd6 31. Kg1 Kf7 32. Kf1 h6 33. Ke2 g5 34. fxg5 hxg5 35. Kd3 e5 36. c4 Ke6 37. c5 Ne8 38. Ke4 f5+ 39. Kd3 Nf6 40. g4 f4 41. Nd1 e4+ 42. Ke2 Nd5 43. Nf2 Ke5 44. Nd1 f3+ 45. Kf2 Kf4 46. c6 Ke5 47. Ne3 Nc7 48. Kg3 Kd6 49. h4 gxh4+ 50. Kxh4 Kxc6 51. g5 Kd6 52. Kg4 Ke5 53. Nd1 Nd5 54. g6 Kf6 55. g7 Kxg7 56. Kf5 e3 0-1

[Event "Bangkok Thailand op"]
[Site "Bangkok"]
[Date "2021.12.15"]
[Round "1"]
[White "Prommuang, Araya"]
[Black "Kulpruethanon, Thanadon"]
[Result "0-1"]
[WhiteElo "1542"]
[BlackElo "2278"]
[PlyCount "74"]
[EventDate "2021.12.15"]
[EventType "swiss"]
[EventRounds "9"]
[EventCountry "THA"]
[SourceTitle "CBM 206 Extra"]
[Source "ChessBase"]
[SourceDate "2022.03.31"]
[SourceVersion "1"]
[SourceVersionDate "2022.03.31"]
[SourceQuality "1"]

1. e4 c5 2. Nf3 Nc6 3. d4 cxd4 4. Nxd4 g6 5. Nc3 Bg7 6. Be3 Nf6 7. Bc4 0-0 8. Bb3 Re8 9. f3 e6 10. Qd2 d5 11. exd5 Nxd5 12. Nxd5 Nxd4 13. Nc3 Nxb3 14. axb3 Qxd2+ 15. Bxd2 Bd7 16. 0-0 Bd4+ 17. Kh1 Bc6 18. b4 a6 19. Rab1 Rad8 20. Ne2 Bb5 21. Rbe1 Bxb2 22. Be3 Rc8 23. Bc5 a5 24. Rb1 axb4 25. Rxb2 Rxc5 26. Rf2 Rd8 27. Ng1 Rd4 28. g3 Bc6 29. Nh3 g5 30. Kg2 g4 31. Ng1 Rc3 32. h3 gxf3+ 33. Nxf3 Rxf3 34. Rxf3 Rd2+ 35. Kf1 Bxf3 36. Ke1 Rh2 37. h4 h5 0-1

[Event "THA-ch (Women)"]
[Site "Bangkok"]
[Date "2021.11.08"]
[Round "8"]
[White "Prommuang, Araya"]
[Black "Atikankhotchasee, Manunthon"]
[Result "1/2-1/2"]
[WhiteElo "1563"]
[BlackElo "1548"]
[PlyCount "114"]
[EventDate "2021.11.05"]
[EventType "swiss"]
[EventRounds "9"]
[EventCountry "THA"]
[SourceTitle "CBM 205 Extra"]
[Source "ChessBase"]
[SourceDate "2022.01.31"]
[SourceVersion "1"]
[SourceVersionDate "2022.01.31"]
[SourceQuality "1"]

1. e4 c5 2. Nf3 g6 3. d4 cxd4 4. Nxd4 Bg7 5. Nc3 Nc6 6. Be3 Nf6 7. Bc4 Qa5 8. 0-0 0-0 9. Bb3 d6 10. h3 a6 11. f4 Qh5 12. Qxh5 Nxh5 13. Nde2 Nf6 14. Rad1 Na5 15. e5 dxe5 16. fxe5 Ne8 17. Bc5 Nc6 18. Nd5 e6 19. Bxf8 Kxf8 20. Nb6 Rb8 21. Nxc8 Rxc8 22. Bxe6 Rc7 23. Nf4 Re7 24. Bb3 Bxe5 25. Ne6+ Kg8 26. Nd8 Nd6 27. Nxc6 bxc6 28. c3 Kg7 29. Ba4 c5 30. Rd5 c4 31. Ra5 Bg3 32. Rxa6 Nf5 33. Rc6 Re2 34. Bd1 Rxb2 35. a4 Ne3 36. Bf3 Nxf1 37. Kxf1 Rf2+ 38. Kg1 Ra2 39. Kf1 Rxa4 40. Bd5 Be5 41. Bxc4 Ra3 42. Rc5 f6 43. Bd5 Rxc3 44. Rxc3 Bxc3 45. Ke2 h5 46. Bf3 Kh6 47. Bd5 Kg5 48. Bf3 Kf4 49. Kd3 Be5 50. Ke2 Kg3 51. Bd5 g5 52. Be4 Bd4 53. Bd5 f5 54. Bc6 Ba7 55. Bd5 Bb6 56. Bc6 Ba7 57. Bd5 Bb6 1/2-1/2

[Event "THA-ch (Women)"]
[Site "Bangkok"]
[Date "2021.11.06"]
[Round "3"]
[White "Reakwiree, Kob Ngoen"]
[Black "Prommuang, Araya"]
[Result "1-0"]
[WhiteElo "1394"]
[BlackElo "1563"]
[PlyCount "65"]
[EventDate "2021.11.05"]
[EventType "swiss"]
[EventRounds "9"]
[EventCountry "THA"]
[SourceTitle "CBM 205 Extra"]
[Source "ChessBase"]
[SourceDate "2022.01.31"]
[SourceVersion "1"]
[SourceVersionDate "2022.01.31"]
[SourceQuality "1"]

1. e4 c5 2. Nf3 e6 3. c3 Qc7 4. d4 cxd4 5. cxd4 Nf6 6. Bd3 g6 7. 0-0 Bg7 8. Nc3 0-0 9. h3 a6 10. Be3 Nc6 11. a3 d6 12. Qd2 Ne8 13. Rac1 Qd8 14. Bh6 e5 15. Bxg7 Kxg7 16. d5 Ne7 17. Ne2 f5 18. Rc2 fxe4 19. Bxe4 Nf6 20. Ng3 Nxe4 21. Nxe4 Bxh3 22. Rfc1 Bg4 23. Nfg5 h6 24. Ne6+ Bxe6 25. dxe6 d5 26. Nc5 Qd6 27. Nxb7 Qxe6 28. Rc7 Rac8 29. Qb4 Kf6 30. Qh4+ Kf7 31. Rxc8 Rxc8 32. Rxc8 Nxc8 33. Nd8+ 1-0

[Event "Eastern Asia-ch U14 Girls"]
[Site "Tornelo INT"]
[Date "2021.10.23"]
[Round "5"]
[White "Prommuang, Araya"]
[Black "Lim, Janice"]
[Result "0-1"]
[WhiteElo "1328"]
[BlackElo "1158"]
[PlyCount "132"]
[EventDate "2021.10.22"]
[EventType "swiss"]
[EventRounds "9"]
[EventCountry "NET"]
[SourceTitle "EXT 2023"]
[Source "ChessBase"]
[SourceDate "2022.10.05"]
[SourceVersion "1"]
[SourceVersionDate "2022.10.05"]
[SourceQuality "1"]

1. e4 c6 2. d4 d5 3. Nc3 dxe4 4. Nxe4 Bf5 5. Ng3 Bg6 6. h4 h6 7. Nf3 Nd7 8. h5 Bh7 9. Bd3 Bxd3 10. Qxd3 e6 11. Bd2 Ngf6 12. 0-0-0 Be7 13. Ne4 Nxe4 14. Qxe4 Nf6 15. Qe2 a5 16. Ne5 a4 17. Be3 a3 18. b3 Qa5 19. Bd2 Bb4 20. Nc4 Bxd2+ 21. Qxd2 Qxd2+ 22. Nxd2 0-0 23. f3 b5 24. g4 Nd5 25. Nb1 b4 26. Kd2 Rfd8 27. c4 Nc7 28. Kc2 Na6 29. f4 c5 30. dxc5 Nxc5 31. Rhe1 Kf8 32. g5 hxg5 33. fxg5 Ke7 34. Re3 Rxd1 35. Kxd1 Rd8+ 36. Ke2 Rh8 37. Nd2 Rxh5 38. Nf3 f6 39. gxf6+ gxf6 40. Nd4 Kd7 41. Nc2 e5 42. Nxb4 Rh2+ 43. Kd1 Ke6 44. Re2 Rh1+ 45. Kd2 f5 46. Nd3 Ne4+ 47. Kc2 Ra1 48. Nc1 Ng3 49. Rg2 f4 50. b4 e4 51. b5 Nf5 52. Rg1 f3 53. Kb3 f2 54. Rf1 e3 55. b6 Kd6 56. c5+ Kc6 57. Rh1 e2 58. Rh8 Nd4+ 59. Kc4 Rxc1+ 60. Kxd4 e1Q 61. Rc8+ Kb7 62. Rc7+ Kb8 63. Kd5 Rd1+ 64. Kc6 Qe4+ 65. Kb5 Rb1+ 66. Ka5 Qb4+ 0-1

[Event "Asia Nations online Cup (Women)"]
[Site "Chess.com INT"]
[Date "2020.10.11"]
[Round "2.13"]
[White "Abdul Rasheed, Mariyam Laisa"]
[Black "Prommuang, Araya"]
[Result "0-1"]
[WhiteElo "1180"]
[BlackElo "1400"]
[PlyCount "116"]
[EventDate "2020.10.11"]
[EventType "team-swiss (rapid)"]
[EventRounds "9"]
[EventCountry "IND"]
[SourceTitle "CBM 198 Extra"]
[Source "ChessBase"]
[SourceDate "2020.11.30"]
[SourceVersion "1"]
[SourceVersionDate "2020.11.30"]
[SourceQuality "1"]
[WhiteTeam "Maldives (W)"]
[BlackTeam "Thailand (W)"]
[WhiteTeamCountry "MDV"]
[BlackTeamCountry "THA"]

1. e4 e5 2. Nf3 Nc6 3. Bc4 Bc5 4. d4 exd4 5. c3 Nge7 6. cxd4 Bb4+ 7. Nc3 d5 8. exd5 Nxd5 9. Bd2 Qe7+ 10. Be2 Bxc3 11. bxc3 Bg4 12. 0-0 0-0 13. Re1 Qd7 14. Qc2 h6 15. c4 Bxf3 16. Bxf3 Nxd4 17. Qd3 Nxf3+ 18. Qxf3 Nb6 19. Bb4 Rfe8 20. Rad1 Rxe1+ 21. Bxe1 Qa4 22. c5 Nd7 23. c6 Ne5 24. Qd5 Nxc6 25. Qf3 Qxa2 26. Rc1 Qe6 27. h3 Rb8 28. Bc3 a5 29. Qg3 f6 30. Re1 Qf7 31. Qd3 b5 32. Qe3 b4 33. Ba1 a4 34. Qc5 Qd7 35. g4 a3 36. Qc4+ Kh8 37. f3 b3 38. Bc3 b2 39. Qa2 Qd3 40. Qxa3 b1Q 41. Rxb1 Rxb1+ 42. Kg2 Qf1+ 43. Kg3 Qg1+ 44. Kf4 Qh2+ 45. Kf5 Qc2+ 46. Ke6 Qe2+ 47. Kf7 Nd8+ 48. Kg6 Qe8+ 49. Kf5 Qe6+ 50. Kg6 Qf7+ 51. Kf5 Rb5+ 52. Kf4 Ne6+ 53. Ke4 Ng5+ 54. Kd3 Qd5+ 55. Kc2 Nxf3 56. Qf8+ Kh7 57. h4 Qe4+ 58. Kc1 Qb1# 0-1

[Event "Asia Nations online Cup (Women)"]
[Site "Chess.com INT"]
[Date "2020.10.11"]
[Round "1.5"]
[White "Prommuang, Araya"]
[Black "Vo, Thi Kim Phung"]
[Result "0-1"]
[WhiteElo "1400"]
[BlackElo "2344"]
[PlyCount "58"]
[EventDate "2020.10.11"]
[EventType "team-swiss (rapid)"]
[EventRounds "9"]
[EventCountry "IND"]
[SourceTitle "CBM 198 Extra"]
[Source "ChessBase"]
[SourceDate "2020.11.30"]
[SourceVersion "1"]
[SourceVersionDate "2020.11.30"]
[SourceQuality "1"]
[WhiteTeam "Thailand (W)"]
[BlackTeam "Vietnam (W)"]
[WhiteTeamCountry "THA"]
[BlackTeamCountry "VIE"]

1. d4 Nf6 2. c4 e6 3. Nf3 Bb4+ 4. Bd2 Qe7 5. Nc3 Bxc3 6. Bxc3 Ne4 7. Qc2 Nxc3 8. Qxc3 d6 9. e3 0-0 10. Bd3 Re8 11. 0-0 e5 12. dxe5 dxe5 13. Be4 Nd7 14. Rfd1 Nf6 15. Bc2 Bg4 16. e4 Bxf3 17. Qxf3 Rad8 18. h3 h6 19. a3 c5 20. Qc3 Rd4 21. f3 Red8 22. Rxd4 Rxd4 23. b4 Nh5 24. Kh2 Qg5 25. Qe1 Rd2 26. Qf1 Rxc2 27. bxc5 Qg3+ 28. Kh1 Nf4 29. Rb1 Rxg2 0-1